|
|
|
|
| LEADER |
01177nam a2200277 a 4500 |
| 001 |
14675557 |
| 008 |
120313m20082007enka b 001 0 eng |
| 010 |
|
|
|a 2006100690
|
| 020 |
|
|
|a 9780521735858
|
| 020 |
|
|
|a 9780521691345 (pbk.)
|
| 020 |
|
|
|a 0521691346 (pbk.)
|
| 040 |
|
|
|a DLC
|c DLC
|d UKM
|d BTCTA
|d BAKER
|d YDXCP
|d C#P
|d DLC
|d BD-DhAAL
|
| 050 |
0 |
0 |
|a PE1128.A2
|b M388 2007
|
| 082 |
0 |
0 |
|a 372.6/044
|2 22
|
| 100 |
1 |
|
|a McKay, Penny.
|
| 245 |
1 |
0 |
|a Five-minute activities for young learners /
|c Penny McKay and Jenni Guse.
|
| 260 |
|
|
|a Cambridge :
|a New York :
|a New Delhi :
|b Cambridge University Press,
|c 2008.
|
| 300 |
|
|
|a ix, 155 p. :
|b ill. ;
|c 23 cm.
|
| 490 |
0 |
|
|a Cambridge handbooks for language teachers
|
| 504 |
|
|
|a Includes bibliographical references and index.
|
| 541 |
|
|
|e 00024700
|
| 650 |
|
0 |
|a English language
|x Study and teaching (Elementary)
|x Foreign speakers
|x Activity programs.
|
| 700 |
1 |
|
|a Guse, Jenni.
|
| 852 |
1 |
|
|a Ayesha Abed Library
|c General shelf.
|
| 999 |
|
|
|c 11955
|d 11955
|
| 952 |
|
|
|0 0
|1 0
|2 ddc
|4 0
|6 372_604400000000000_MCK
|7 0
|9 19633
|a BRACUL
|b BRACUL
|c GEN
|d 2012-03-14
|e TRIM EDUCATION
|g 290.00
|l 2
|m 8
|o 372.6044 MCK
|p 3010024700
|r 2015-04-04
|s 2015-03-31
|t 1
|w 2012-03-14
|y BK
|